000 00361nam a22001577a 4500
003 MPLRDC
005 20220104142637.0
008 210129b ||||| |||| 00| 0 eng d
082 _a323.9 SH
100 _a仕会编著
245 _a宇宙新天体
_c
260 _a
_b香港万里书店
_c1982
300 _b
650 _a天象
942 _cBK
_o323.9 SH
999 _c32540
_d32530